• 首页
  • 本馆介绍
  • 公告通知
  • 最新文献
  • 馆藏检索
  • 电子资源
  • 读者导购
  • 参考咨询
  • 我的图书馆
  • 登录
  • 详细信息显示
  • 放入我的书架
  • 预约/预借图书
  • 作者相关作品
  • 分类相关作品
  • 丛书相关作品
  • 出版社相关作品

书目信息

  • 表格格式
  • 工作单格式
  • 卡片格式
题名:
气候变化挑战下的森林生态系统经营管理
    
 
作者: 布拉沃 编著 ;王小平 译
分册:  
出版信息: 北京   高等教育出版社  2013.01
页数: 318页
开本: 24cm
丛书名: 全球变化与地球系统科学系列
单 册:
中图分类: S75
科图分类:
主题词: 气候变化--气候影响--森林生态系统--森林经营--研究 , 气候变化 , 气候影响 , 森林生态系统 , 森林经营
电子资源:
ISBN: 978-7-04-036341-8
000 01402oam2 2200337 450
001 012013008158
005 20130608085945.95
010    @a978-7-04-036341-8@dCNY49.00
100    @a20130116d2013 ekmy0chiy50 ea
101 1  @achi@ceng
102    @aCN@b110000
105    @aabf a 000yy
106    @ar
200 1  @a气候变化挑战下的森林生态系统经营管理@9qi hou bian hua tiao zhan xia de sen lin sheng tai xi tong jing ying guan li@dManaging forest ecosystems@ethe challenge of climate change@fFelipe Bravo[等]编著@g王小平[等]译@zeng
210    @a北京@c高等教育出版社@d2013.01
215    @a318页@c图,地图,图版(4页)@d24cm
225 2  @a全球变化与地球系统科学系列
304    @a编著还有:Valerie LeMay,Robert Jandl,Klaus von Gadow
330    @a本书首次系统地重点总结了国际上最新的气候变化对森林环境产生的生物和经济方面的影响,以及森林经营管理活动如何通过碳汇缓解这些影响方面的研究成果,同时还介绍了全球范围内的一些实例研究。
461  0 @12001 @a全球变化与地球系统科学系列
510 1  @aManaging forest ecosystems@ethe challenge of climate change@zeng
606 0  @a气候变化@x气候影响@x森林生态系统@x森林经营@x研究
606 0  @a气候变化
606 0  @a气候影响
606 0  @a森林生态系统
606 0  @a森林经营
690    @aS75@v5
701  0 @a布拉沃@9bu la wo@c(Bravo, Felipe)@4编著
702  0 @a王小平@9wang xiao ping@4译
801  0 @aCN@b人天书店@c20130116
905    @dS75@e58
    
    气候变化挑战下的森林生态系统经营管理=Managing forest ecosystems:the challenge of climate change/Felipe Bravo[等]编著/王小平[等]译.-北京:高等教育出版社,2013.01
    318页:图,地图,图版(4页);24cm.-(全球变化与地球系统科学系列)
    
    
    ISBN 978-7-04-036341-8:CNY49.00
    本书首次系统地重点总结了国际上最新的气候变化对森林环境产生的生物和经济方面的影响,以及森林经营管理活动如何通过碳汇缓解这些影响方面的研究成果,同时还介绍了全球范围内的一些实例研究。
●
相关链接 在E读中查询图书 在五车中查询图书 在当当中查询图书 在豆瓣中查询图书


正题名:气候变化挑战下的森林生态系统经营管理     索取号:S75/58         预约/预借

序号 登录号 条形码 馆藏地/架位号 状态 备注
1 0543321   205433217   第二样本阅览室/ [索取号:S75/58] 在馆    
2 0543322   205433226   第三借阅区/ [索取号:S75/58] 在馆    
3 0543323   205433235   第三借阅区/ [索取号:S75/58] 在馆    
4 0543324   205433244   密集书库-资源管理系/ [索取号:S75/58] 在馆    
5 0543325   205433253   第三借阅区/ [索取号:S75/58] 在馆    
唐山师范学院图书馆 欢迎您!
大连网信软件有限公司© 版权所有